000 00702cai a22002055a 4500
001 L156899
008 120730s2012 xxk f 000 0 eng d
035 _a(Sirsi) u156899
041 0 _aeng
110 2 _aWales
_bWelsh Government
245 0 0 _aWebsite for the construction sector
_h[electronic resource]
260 _aCardiff
_bWelsh Government
_c2012
520 _aWelsh Government website for the construction sector.
590 _aKA
651 4 _aWales
_y2007-
651 4 _aUnited Kingdom
_y
690 _aConstruction management
_96230
856 4 0 _uhttps://wales.gov.uk/topics/businessandeconomy/sectors/construction/?lang=en
_zView the website free of charge at wales.gov.uk
942 _n0
999 _c114477
_d114477